000
00414nam a2200169Ia 4500
008
090711s9999 xx 000 0 und d
082
_b
1119
100
_a
दामले आशा
245
_a
घरदार
260
_c
1997
300
_a
85
600
_a
दामले आशा
630
_a
घरदार
700
_a
दामले आशा
730
_a
घरदार
942
_c
BOOK
999
_c
324614
_d
324614